000 00484nam a22001577a 4500
003 OSt
005 20140311163159.0
008 140227t xxu||||| |||| 00| 0 eng d
050 _aHV 1569.3.Y68
_b.M363 1995
100 _aMannix, Darlene
_930766
245 _aLife skills activities for secondary students with special needs /
_cMannix, Darlene.
260 _aSan Francisco, CA :
_bJossey-Bass,
_c1995.
300 _a523 p. :
_bill. ;
_c30 cm.
942 _2lcc
_cBK-TR
999 _c42463
_d42463